Materská škola v Trnave

Uložené v:
Podrobná bibliografia
Hlavný autor: Stachová, Anetta (Autor)
Ďalší autori: Kašiarová, Anežka (Vedúci práce)
Médium: Rukopis Kniha
Jazyk:Slovak
Vydavateľské údaje: 2025
Predmet:
On-line prístup:http://is.stuba.sk/zp/portal_zp.pl?podrobnosti=193160
CRZP
Tagy: Pridať tag
Žiadne tagy, Buďte prvý, kto otaguje tento záznam!

MARC

LEADER 00000ntm a22000003a 4500
001 stuzp105294
003 SK-STU
005 20250729150825.2
007 ta
008 150427s2015----xo-----f-mn---000-0-slo-d
040 |a STU  |b slo 
041 0 |a slo 
100 1 |a Stachová, Anetta  |u 010310  |4 aut  |U SvF Stavebná fakulta  |T SvF Katedra architektúry  |X 110717  |U V181|V310  |Y 19  |7 110717 
242 0 1 |a Kindergarten in Trnava  |y eng 
245 1 0 |a Materská škola v Trnave 
260 |c 2025 
650 4 |a materská škola  |2 slo 
650 4 |a deti  |2 slo 
650 4 |a Trnava  |2 slo 
650 4 |a kindergarten  |2 eng 
650 4 |a kids  |2 eng 
650 4 |a Trnava  |2 eng 
700 1 |a Kašiarová, Anežka  |u 010310  |k Z3  |4 ths  |U SvF Stavebná fakulta  |T SvF Katedra architektúry  |X 92909  |U V181|V310  |Y 19  |7 92909 
856 4 |u http://is.stuba.sk/zp/portal_zp.pl?podrobnosti=193160 
856 4 |u https://opac.crzp.sk/?fn=detailBiblioForm&sid=EE8AF2E76B4BE2A86EA0C993824A  |z CRZP